SZA - Crybaby (All Lyrics) - Statistics

General Stats
  • This quiz has been taken 26 times
  • The average score is 222 of 309
Answer Stats
Answer % Correct
to
100%
You
100%
you
100%
you,
100%
a
94%
can
94%
go
94%
I
94%
Know-
94%
know
94%
n*****
94%
no
94%
All
88%
all
88%
baby,
88%
Baby,
88%
fault
88%
It-
88%
it,
88%
it
88%
It
88%
Maybe
88%
maybe
88%
me
88%
my
88%
of
88%
so
88%
the
88%
and
82%
And
82%
Crybaby
82%
crybaby
82%
do
82%
find
82%
find,
82%
for
82%
If
82%
in
82%
it's
82%
It's
82%
man
82%
Miss
82%
not
82%
seem
82%
stop
82%
too
82%
What
82%
your
82%
could
76%
cycle,
76%
get
76%
got
76%
I'm
76%
is
76%
law
76%
way
76%
world
76%
world,
76%
backseat,
71%
blaming
71%
Call
71%
'Cause
71%
Damn
71%
evolve
71%
sick,
71%
sick
71%
Murphy's
65%
recycle
65%
rinse,
65%
them
65%
can't
59%
(Can't
59%
faults
59%
just
59%
made
59%
Oh,
59%
oh
59%
pressure
59%
soft
59%
Then
59%
wrong
59%
You're
59%
you're
59%
awful,
53%
Fuck
53%
stopped
53%
that
53%
about
47%
attitude
47%
blame
47%
positive
47%
stories
47%
told
47%
took
47%
true
47%
You'd
47%
Most
41%
Backwoods
35%
Don't
35%
don't
35%
every
35%
girl
35%
goin'
35%
negative,
35%
single
35%
smokin'
35%
some
35%
time
35%
will
35%
age
29%
backwards,
29%
focusing
29%
Here's
29%
please,
29%
psycho
29%
should
29%
Telling
29%
Trying
29%
blindspot
24%
blocking
24%
chill,
24%
fine
24%
really
24%
raining
18%
Ruin
18%
yeah,
18%
yeah
18%
Give
12%
gone
12%
gone,
12%
ain't
6%
life)
6%
live
6%
still
6%
'til
6%
No matching quizzes found
Score Distribution
Percent of People with Each Score
Percentile by Number Answered
Your Score History
You have not taken this quiz